Citibank (Slovakia) a.s. výročná správa 1999

Salvato in:
Dettagli Bibliografici
Natura: Libro
Lingua:slovacco
inglese
Pubblicazione: [Bratislava] Citibank (Slovakia) a.s. 2000
Soggetti:
Tags: Aggiungi Tag
Nessun Tag, puoi essere il primo ad aggiungerne!!

MARC

LEADER 00000nam a2200000 4500
001 c124461
005 20240104101055.3
041 0 |a slo 
041 0 |a eng 
044 |a SK 
245 1 0 |a Citibank (Slovakia) a.s.  |b výročná správa 1999 
264 1 |a [Bratislava]  |b Citibank (Slovakia) a.s.  |c 2000 
300 |a 43 s. 
610 2 0 |a banky 
610 2 0 |a banky medzinárodné 
610 2 0 |a ústavy finančné